| 000 | 00403nam a2200145Ia 4500 | ||
|---|---|---|---|
| 008 | 230411s9999 xx 000 0 und d | ||
| 020 | _a978-93-5152-873-9 | ||
| 041 | _aeng | ||
| 082 | _aF/610.730 1/COL/B08114 | ||
| 100 |
_aColyar Margaret _9179827 |
||
| 245 | _aAdvanced Practice Nursing Procedures | ||
| 260 |
_bJaypee Brothers _aPhiladelphia _c2015 |
||
| 300 | _a574p | ||
| 999 |
_c158004 _d158004 |
||